Science Quiz

Random Science Quiz
Score 0/22 Timer 15:00
0 Plays Today
Name the nerve, give the root E.g. Obturator nerve L2 L3 L4 % Correct
Rectus femorisFemoral nerve L2 L3 L4
68.2%
Adductor longusObturator nerve L2 L3 L4
63.6%
Gluteus MediusSuperior gluteal nerve L4 L5 S1
61.4%
Gluteus maximusInferior gluteal nerve L5 S1 S2
61.4%
Adductor brevisObturator nerve L2 L3 L4
61.4%
GracilisObturator nerve L2 L3 L4
61.4%
SartoriusFemoral nerve L2 L3 L4
59.1%
IliacusFemoral nerve L2 L3 L4
56.8%
Adductor magnus (adductor portion)Obturator nerve L2 L3 L4
54.5%
Gluteus minimusSuperior gluteal nerve L4 L5 S1
52.3%
Tensor fascia lataSuperior gluteal nerve L4 L5 S1
43.2%
Name the nerve, give the root E.g. Obturator nerve L2 L3 L4 % Correct
Quadratus femorisNerve to quadratus femoris L4 L5 S1
40.9%
SemimembranosusTibial division of sciatic nerve L4 L5 S1 S2 S3
40.9%
SemitendinosusTibial division of sciatic nerve L4 L5 S1 S2 S3
38.6%
Adductor magnus (hamstring portion)Tibial division of sciatic nerve L4 L5 S1 S2 S3
36.4%
Obturator internusNerve to obturator internus L5 S1 S2
34.1%
Psoas majorVentral Rami of L1 L2 L3
29.5%
Pectineus (2 nerves)Femoral nerve L2 L3 L4, Obturator nerve L2 L3 L4
29.5%
Biceps femoris (long head)tibial division of Sciatic nerve L4 L5 S1 S2 S3
27.3%
Biceps femoris (short head)Common peroneal division of Sciatic nerve L4 L5 S1 S2
22.7%
Obturator externusPosterior branch of obturator nerve L3 L4
18.2%
PiriformisAnterior rami of sacral plexus L5 S1 S2
4.5%
Remove Ads.
Support Sporcle.
Get the best of Sporcle when you Go Orange. This ad-free experience offers more features, more stats, and more fun while also helping to support Sporcle. Thank you for becoming a member.

You're not logged in!

Compare scores with friends on all Sporcle quizzes.
OR
Log In

Show Comments

Extras

Created Nov 1, 2010ReportNominate
Tags:hip, muscle, Nerve, Supply

Top Quizzes Today


Score Distribution

Your Account Isn't Verified!

In order to create a playlist on Sporcle, you need to verify the email address you used during registration. Go to your Sporcle Settings to finish the process.

Report this User

Report this user for behavior that violates our Community Guidelines.

Details: